000
00337nam a22001577a 4500
003
SGT
020
_a
9789366165714
082
_a
612
_b
SEM
100
_a
SEMBULINGAM K
245
_a
ESSENTIALS OF MEDICAL PHYSIOLOGY
250
_a
10TH
260
_a
INDIA
_b
JAYPEE
_c
2025
300
_a
1009
650
_a
PHYSIOLOGY
942
_2
ddc
_c
BK
999
_c
32841
_d
32841